Quick Pick: Holly or Ivy? Quiz Stats

Quiz Updated Dec 23, 2017

Challenge
Share
Tweet
Embed
Score 0/8 Timer 01:30
0 Plays Today
% Correct
Name often given to girls born on Christmas Day
87.1%
First name of central character in Breakfast at Tiffany's
84%
First name of Best Actress winner for The Piano
78.7%
Harry Potter's wand is made from this wood
70.9%
Celts used it in solstice ceremonies
64.4%
Botanical name is ilex
63%
Can be a tree, shrub or climbing plant
59.8%
Sacred to Saturn for the Romans
50.6%

Today's Daily Dose

Missing Word
Fruity Song Titles

Quick Pick
Double Blanks

On This Day
June 22nd II

You're not logged in!

Compare scores with friends on all Sporcle quizzes.
Join for Free
OR
Log In

You Might Also Like...

Show Comments

Extras

Top Quizzes Today


Score Distribution

Your Account Isn't Verified!

In order to create a playlist on Sporcle, you need to verify the email address you used during registration. Go to your Sporcle Settings to finish the process.

Report this User

Report this user for behavior that violates our Community Guidelines.

Details: